Central Library OPAC University of Rajshahi

Comparison of performances of machine learning techniques in healthcare data / (Record no. 81776)

MARC details
000 -LEADER
fixed length control field 00936nam a22002417a 4500
001 - CONTROL NUMBER
RUCL Control Number 81776
003 - CONTROL NUMBER IDENTIFIER
rucl marc code BD-RjUL
005 - DATE AND TIME OF LATEST TRANSACTION
control field 20230826164256.0
008 - FIXED-LENGTH DATA ELEMENTS--GENERAL INFORMATION
fixed length control field 230826s2021 bg a|||| m||| 00| 0 eng d
035 ## - SYSTEM CONTROL NUMBER
system control number (BD-RjUL)81776
040 ## - CATALOGING SOURCE
Original cataloging agency BD-RjUL
Language of cataloging eng
Transcribing agency BD-RjUL
Modifying agency BD-RjUL
041 ## - LANGUAGE CODE
Language code of Book eng
082 ## - DEWEY DECIMAL CLASSIFICATION NUMBER
DDC Edition number 23
Classification number 006.31
Author mark and Year MAC 2021
100 ## - MAIN ENTRY--PERSONAL NAME
Personal name Maniruzzaman, Md.
9 (RLIN) 8582
245 10 - TITLE STATEMENT
Title Comparison of performances of machine learning techniques in healthcare data /
Statement of responsibility, etc By Md. Maniruzzaman ;
Name of Supervisor/Co-Supervisor Principal Supervisor : Md. Jahanur Raman
260 ## - PUBLICATION, DISTRIBUTION, ETC. (IMPRINT)
Place of publication, distribution, etc Rajshahi :
Name of publisher, distributor, etc Department of Statistics, University of Rajshahi,
Date of publication, distribution, etc 2021
300 ## - PHYSICAL DESCRIPTION
Pagination xiii, 80 leaves :
Other physical details ill, ;
Dimensions 29.cm.
502 ## - DISSERTATION NOTE
Dissertation note Thesis (M. Phil.) -- Department of Statistics, University of Rajshahi, 2021
504 ## - BIBLIOGRAPHY, ETC. NOTE
Bibliography, etc Bibliography : Leaves 56 -64
650 ## - SUBJECT ADDED ENTRY--TOPICAL TERM
Topical term or geographic name as entry element Machine learning
Form subdivision Special computer methods
9 (RLIN) 8583
700 ## - ADDED ENTRY--SUPERVISOR/CO-SUPERVISOR NAME
Personal name Raman, Md. Jahanur, Principal Supervisor
9 (RLIN) 8584
942 ## - ADDED ENTRY ELEMENTS (KOHA)
Source of classification or shelving scheme Dewey Decimal Classification
Koha item type Theses
Holdings
Source of classification or shelving scheme Damaged status Not for loan Collection code Permanent Location Current Location Shelving location Date of accession Source of acquisition Full call number Barcode Date last seen Copy number Thesis
Dewey Decimal Classification   Not For Loan Theses Central Library, University of Rajshahi Central Library, University of Rajshahi Documentation Section 28/02/2023 Controller of Exam. R. U. THE 006.31 MAC 2021 D4683 26/08/2023 C-1 Theses